Participantes do Big Brother Brasil 3 - Statistics

Estatísticas Gerais
  • Esse quiz foi jogado 15 vezes
  • A pontuação média é 11 de 15
Estatísticas das Respostas
Colocação Participante % Correto
Dhomini Fontes
100%
Sabrina Sato
100%
Juliana Alves
90%
Desistente Dilson Rodovalho
80%
Elane Chaves
80%
Jean Massumi
80%
12º Joseane Oliveira
80%
Emilio Rodrigues
70%
Harry Grossman
70%
13º Paulo Carotini
70%
Viviane Oliveira
70%
11º Marcelo Kretzer
60%
14º Samantha Pereira
60%
Alan Marcelo
50%
10º Andréa Guerrero
50%
Nenhum quiz correspondente encontrado
Distribuição das Pontuações
Porcentagem de Pessoas com Cada Pontuação
Percentil de Números Respondidos
Sua Pontuação Histórica
Você não jogou esse quiz